000 00431pab a2200181 454500
008 180718b2007 xxu||||| |||| 00| 0 eng d
100 _aMitchell, Andrew
245 _a`Work first' and immigrants in Toronto
260 _c2007
300 _ap.293-307.
362 _aJul
650 _aImmigrants
700 _aHerd, Dean
700 _aLightman, Ernie
773 _aSocial Policy and Society
908 _aN
909 _a75626
999 _c75626
_d75626